000 00789nam0a22002411 4500
001 rc\2751368
005 20250529145001.0
035 _a(NLR Aleph) 006878266
090 _a7019916
_c7019916
100 _a20110915d1939 |||y0rusy50 ca
101 0 _arus
102 _aRU
105 _ac z |||||
200 1 _aМатэ Залка
_e[Венгер. писатель - герой испан. освободит. войны, генерал Пауль Лукач]
210 _a[Москва]
_cМол. гвардия
_d1939
215 _a48 с.
_cпортр.
_d14 см.
225 1 _aГероические жизни
700 1 _aГергей
_bШ.
_f1896-1966
_gШандор
801 0 _aRU
_bNLR
_gpsbo
801 1 _aRU
_bELAR
_2rusmarc
852 _aNLR
_j39-8/1939
942 _cBOOK
980 _aNB